000 01400cam a22003857a 4500
003 CHAP
005 20220329141844.0
008 980310d1997 mx r 00110 spa d
010 _a74865
011 _a75837
035 _a85408
040 _cCHAP
090 _aTesis
100 0 0 _aPérez Díaz, Fidel.
_989615
245 1 0 _aEvaluación de contenido de proteina cruda en genotipos de cacahuate (Arachis hypogaea L.) de hábito de crecimiento rastrero y erecto
_c/por Fidel Pérez Díaz
260 _aChapingo, Méx. :
_bEl autor,
_c1997.
300 _a64 h. :
_bgráfs.
502 _aTesis (Ing. Agr. Esp. en Fitotecnia) -- UACH. Departamento de Fitotecnia
590 _aALEPH
_b10
_c20130110
_lUCH01
_h1421
590 _aBATCH-UPD
_b10
_c20130110
_lUCH01
_h0003
590 _aBATCH-UPD
_b10
_c20130110
_lUCH01
_h0759
590 _aBATCH-UPD
_b10
_c20130409
_lUCH01
_h1938
590 _aBATCH-UPD
_b10
_c20130410
_lUCH01
_h0438
590 _aBATCH-UPD
_b10
_c20130914
_lUCH01
_h0802
590 _aCONVERSION
_b10
_c20130109
_lUCH01
_h1341
650 1 4 _aCacahuate
_xMorelos.
_916890
650 1 4 _aCacahuate
_xProteinas.
_916897
650 1 4 _aCacahuate
_xVariedades.
_916912
650 2 4 _aCacahuate
_xGenética.
_916873
901 _aBK
905 _aGuadalupe Pinto C.
942 _cFOLL
949 _bBC
_cTES
_d33724000629028
_eTS2
_fc.2
_h31873
_i85408
_sb
949 _bBC
_cTES
_d854081
_eTS1
_h31872
_i85408
_sb
999 _c74865
_d74865